| 000 -LEADER |
| fixed length control field |
00742nam a22001697a 4500 |
| 005 - DATE AND TIME OF LATEST TRANSACTION |
| control field |
20240109174133.0 |
| 008 - FIXED-LENGTH DATA ELEMENTS--GENERAL INFORMATION |
| fixed length control field |
240109s1985 ru ||||| |||| 00| 0 rus d |
| 041 ## - LANGUAGE CODE |
| Language code of text/sound track or separate title |
rus |
| 080 ## - UNIVERSAL DECIMAL CLASSIFICATION NUMBER |
| Universal Decimal Classification number |
930.8 А-72 |
| 245 ## - TITLE STATEMENT |
| Title |
Античность и варварский мир : |
| Remainder of title |
Сборник научных трудов / |
| Statement of responsibility, etc. |
Под ред. А. В. Исаенко. |
| 264 ## - PRODUCTION, PUBLICATION, DISTRIBUTION, MANUFACTURE, AND COPYRIGHT NOTICE |
| Place of production, publication, distribution, manufacture |
Орджоникидзе: |
| Name of producer, publisher, distributor, manufacturer |
Северо-Осетин. гос. ун-т им. К. Л. Хетагурова, |
| Date of production, publication, distribution, manufacture, or copyright notice |
1985. |
| 300 ## - PHYSICAL DESCRIPTION |
| Extent |
137 с.: |
| Other physical details |
ил. ; |
| Dimensions |
22 см. |
| 653 ## - INDEX TERM--UNCONTROLLED |
| keyword |
უძველესი ცივილიზაცია |
| 653 ## - INDEX TERM--UNCONTROLLED |
| keyword |
ისტორია |
| 700 ## - ADDED ENTRY--PERSONAL NAME |
| Personal name |
Исаенко, А. В. |
| Relator term |
რედაქტორი |
| 9 (RLIN) |
21008 |
| 942 ## - ADDED ENTRY ELEMENTS (KOHA) |
| Source of classification or shelving scheme |
|
| Koha item type |
წიგნი |